000 00286nam a22001217a 4500
008 181206b xxu||||| |||| 00| 0 eng d
041 _aeng
080 _a510
100 _a36
101 _aMAT
245 _aA first look at numerical functional analysis
_cSawyer, W.W
942 _2udc
_cBK
999 _c52955
_d52955